| 000 | 00722nam a2200193 i 4500 | ||
|---|---|---|---|
| 001 | 75170 | ||
| 003 | ES-MaACL | ||
| 005 | 20230906172347.0 | ||
| 007 | t| | ||
| 008 | 040922s1958 sp ||||1| spa d | ||
| 100 | 1 |
_aGoossens, Nico. _959126 |
|
| 245 | 1 | 0 |
_aProntuario de los anticoagulantes _b: coagulación de la sangre y terapeútica clínica con los anticoagulantes / _cNico Goossens y Helmuth Gastpar ; [traducción de Vives Mañé y Blancafort]. |
| 260 |
_aBarcelona : _bNoguer, _c[1958] ( _fS.A.D.A.G.) |
||
| 300 |
_a68 p., 1 lám. : _bil. ; _c21 cm. |
||
| 700 | 1 |
_aGastpar, Helmuth. _955950 |
|
| 700 | 1 |
_aVives Mañe, J. _9115590 |
|
| 700 | 1 |
_aBlancafort, Manuel. _929122 |
|
| 852 |
_aES-MaACL _j1561-F-14 _bR.42550 |
||
| 999 |
_c75170 _d75170 |
||